Portugal 2022 - Statistiques

Statistiques générales
  • Ce quiz a été pris 75 fois
  • Le résultat moyen est 20 sur 26
Statistiques - réponses
Par images Réponse % Correct
Cristiano Ronaldo
95%
Vitinha
95%
João Félix
94%
Nuno Mendes
94%
Pepe
94%
Bruno Fernandes
92%
Gonçalo Ramos
92%
Rafael Leão
92%
João Cancelo
88%
Rúben Dias
88%
Bernardo Silva
86%
Rúben Neves
86%
Diogo Costa
84%
Rui Patrício
81%
Raphaël Guerreiro
78%
Danilo Pereira
75%
Diogo Dalot
75%
João Mário
70%
José Sá
66%
André Silva
63%
William Carvalho
61%
Matheus Nunes
53%
João Palhinha
52%
Otávio
52%
António Silva
48%
Ricardo Horta
39%
Aucun quiz correspondant
Distribution des résultats
% des personnes avec chaque résultat
Percentile par nombre de réponses
Votre historique - résultats
Vous n’avez pas pris ce quiz